000 00313nam a22001457a 4500
008 210429b ||||| |||| 00| 0 eng d
020 _a9780023592522
041 _aeng
080 _23rd
_a316
082 _a316
100 _a50
101 _aSOC
245 _aThe Changing Family
_cHutter,M
942 _2udc
_cBK
999 _c56990
_d56990